000 00977nam a22003137a 4500
001 0001244
003 KOHA_MİRAKIL
005 20260207001234.0
007 ta
008 090217b2006 tu |||gr||||#0|||0|tur |
020 _a9750201450
_cYTL36,69
040 _aTR-BiSEU
_btur
_cTR-BiSEU
_erda
041 0 _atur
044 _ctu
050 _aQA76.76.D47
_bY36 2006
100 1 _aYanık, Memik.
245 1 _aBorland Delphi 8 ve 2005 ve 2006 For.Net Framework - Veritabanı Uygulamaları/
_cMemik Yanık ; Memik Yanık.
264 1 _aAnkara :
_bSeçkin Yayıncılık
_c2006
300 _a510 sayfa
336 _ametin
_btxt
_2rdacontent
337 _aaracısız
_bn
_2rdamedia
338 _acilt
_bnc
_2rdacarrier
650 0 _aDelphi (Computer file).
_92718
650 0 _aDelphi (Bilgisayar kütüğü).
_92719
650 0 _aComputer software--Development .
_92720
650 0 _aBilgisayar yazılımı--Gelişme.
_92721
907 _aBilgisayar
942 _2lcc
_cBK
999 _c1237
_d1237